Countries With The Most Romani People - Statistics

General Stats
  • This quiz has been taken 164 times
    141 since last reset
  • The average score is 22 of 26
Answer Stats
Hint Answer % Correct
97,000 United Kingdom
98%
1,90 mil Romania
95%
690,000 Spain
95%
510,000 France
94%
1,15 mil United States
93%
445,000 Bulgaria
92%
182,700 Russia
92%
108,900 Serbia
91%
150,000 Germany
89%
120,000 Italy
89%
235,000 Hungary
88%
128,500 Ukraine
88%
200,000 Greece
86%
550,000 Turkey
86%
89,920 Slovakia
83%
35,500 Croatia
82%
67,000 Czech Republic
82%
173,500 Portugal
81%
48,500 Canada
79%
37,000 Bosnia and Herzegovina
77%
212,850 Moldova
77%
53,450 North Macedonia
72%
860,000 Brazil
69%
50,000 Iran
60%
75,000 Sweden
60%
350,000 Argentina
55%
No matching quizzes found
Score Distribution
Percent of People with Each Score
Percentile by Number Answered
Your Score History
You have not taken this quiz since the last reset